Normal view
MARC view
- Jurisprudence
Entry Topical Term
001 - CONTROL NUMBER
- control field: 103163
003 - CONTROL NUMBER IDENTIFIER
- control field: NUST
005 - DATE AND TIME OF LATEST TRANSACTION
- control field: 20221120110154.0
008 - FIXED-LENGTH DATA ELEMENTS
- fixed length control field: 221120|| aca||aabn | a|a d
040 ## - CATALOGING SOURCE
- Original cataloging agency: NUST
- Transcribing agency: NUST
150 ## - HEADING--TOPICAL TERM
- Topical term or geographic name entry element: Jurisprudence
- General subdivision: Methodology
670 ## - SOURCE DATA FOUND
- Source citation: Work cat.: (NUST)0: Hart, H. L. A. (Herbert Lionel Adolphus), 1907-1992. 94424, The concept of law /
